000 00276nam a2200109Ia 4500
008 190216s9999||||xx |||||||||||||| ||und||
100 _a"Ronald M Copeland, Paul E Dascher"
245 0 _aManagerial Accounting
260 _bJohn Wiley & Sons
_c1977
300 _a657p
942 _cBK
999 _c4304
_d4304